[Event "HUN-chT2 Barcza 1819"]
[Site "Hungary"]
[Date "2019.02.24"]
[Round "8.7"]
[White "Kristofori, Attila"]
[Black "Hunko, Gyorgy"]
[Result "0-1"]
[WhiteElo "2004"]
[BlackElo "1911"]
[PlyCount "122"]
[EventDate "2018.09.23"]
[EventType "team-tourn"]
[EventRounds "11"]
[EventCountry "HUN"]
[SourceTitle "CBM 189 Extra"]
[Source "ChessBase"]
[SourceDate "2019.06.03"]
[SourceVersion "1"]
[SourceVersionDate "2019.06.03"]
[SourceQuality "1"]
[WhiteTeam "Nyiregyhaza SISE"]
[BlackTeam "Mezokovesd"]
[WhiteTeamCountry "HUN"]
[BlackTeamCountry "HUN"]

1. d4 d5 2. c4 e6 3. Nf3 Nf6 4. Nc3 Be7 5. Bg5 0-0 6. e3 b6 7. cxd5 Nxd5 8. Bxe7 Nxe7 9. Bd3 Nd7 10. Qc2 g6 11. Be4 Rb8 12. 0-0 c5 13. Rfd1 c4 14. Qa4 f5 15. Bc2 b5 16. Qb4 a5 17. Qd6 Rb6 18. Qg3 Nd5 19. Nxd5 exd5 20. h4 Nf6 21. Ne5 Nh5 22. Qh2 Qf6 23. Re1 Ng7 24. Bd1 Ne6 25. Bf3 Rd8 26. g4 fxg4 27. Bxg4 Nf8 28. f4 Bxg4 29. Nxg4 Qe6 30. Qg3 Kh8 31. Re2 Qf5 32. Rf1 Re6 33. Rg2 Nd7 34. Nh6 Qf8 35. Qg5 Rde8 36. Ng4 Qf5 37. Ne5 R8e7 38. h5 Qxg5 39. Rxg5 gxh5 40. f5 Rf6 41. Nxd7 Rxd7 42. Rf4 Rg7 43. Rg2 h6 44. Kf2 Rg5 45. Rh2 Rfxf5 46. Kf3 Kg7 47. Ke2 b4 48. Rfh4 Kg6 49. e4 dxe4 50. Rxe4 Rg4 51. Re6+ Kg5 52. Ke3 Rd5 53. Re5+ Rxe5+ 54. dxe5 h4 55. Rf2 Rg1 56. Kd4 h3 57. e6 Re1 58. Kd5 Kg4 59. Kd6 Kg3 60. Rf6 h2 61. Rg6+ Kf4 0-1

[Event "HUN-chT2 Barcza 1819"]
[Site "Hungary"]
[Date "2019.01.27"]
[Round "6.5"]
[White "Acs, Gabor"]
[Black "Hunko, Gyorgy"]
[Result "1-0"]
[WhiteElo "2071"]
[BlackElo "1911"]
[PlyCount "71"]
[EventDate "2018.09.23"]
[EventType "team-tourn"]
[EventRounds "11"]
[EventCountry "HUN"]
[SourceTitle "CBM 189 Extra"]
[Source "ChessBase"]
[SourceDate "2019.06.03"]
[SourceVersion "1"]
[SourceVersionDate "2019.06.03"]
[SourceQuality "1"]
[WhiteTeam "Szirmabesenyo"]
[BlackTeam "Mezokovesd"]
[WhiteTeamCountry "HUN"]
[BlackTeamCountry "HUN"]

1. e4 e5 2. Nf3 Nc6 3. Bb5 d6 4. d4 exd4 5. Nxd4 Bd7 6. Nc3 Be7 7. 0-0 Nxd4 8. Bxd7+ Qxd7 9. Qxd4 Bf6 10. Qd3 0-0-0 11. Nd5 Kb8 12. a4 Ne7 13. Nxf6 gxf6 14. Be3 f5 15. f3 h5 16. Rad1 h4 17. h3 Rdg8 18. Kh2 a6 19. e5 Rg6 20. exd6 Rxd6 21. Qc3 Rg8 22. Rd4 Rxd4 23. Qxd4 Qxd4 24. Bxd4 Ng6 25. Rd1 b5 26. axb5 axb5 27. Bf6 Kc8 28. Rd5 Nf4 29. Rd2 Ng6 30. b3 Kb7 31. Rd5 Kc6 32. Rxf5 Re8 33. Bd4 Re2 34. c3 Rb2 35. b4 Kd6 36. Rxf7 1-0

[Event "HUN-chT2 Barcza 1718"]
[Site "Hungary"]
[Date "2018.05.06"]
[Round "11.8"]
[White "Hunko, Gyorgy"]
[Black "Schnitchen, Laszlo"]
[Result "0-1"]
[WhiteElo "1910"]
[BlackElo "1561"]
[PlyCount "58"]
[EventDate "2017.09.24"]
[EventType "team-tourn"]
[EventRounds "11"]
[EventCountry "HUN"]
[SourceTitle "EXT 2021"]
[Source "ChessBase"]
[SourceDate "2020.10.23"]
[SourceVersion "1"]
[SourceVersionDate "2020.10.23"]
[SourceQuality "1"]
[WhiteTeam "Mezokovesd"]
[BlackTeam "Hajduszoboszlo"]
[WhiteTeamCountry "HUN"]
[BlackTeamCountry "HUN"]

1. e4 c5 2. f4 d6 3. Bc4 Nf6 4. Nc3 Nc6 5. Nf3 h6 6. 0-0 e6 7. a3 Nxe4 8. Nxe4 d5 9. Bxd5 exd5 10. Nf2 Be7 11. d3 0-0 12. g4 f5 13. h3 Qc7 14. g5 hxg5 15. Nxg5 Bxg5 16. fxg5 Qg3+ 17. Kh1 Ne5 18. Bf4 Qxf4 19. Ng4 Qg3 20. Nxe5 Qxe5 21. Qh5 f4 22. Rae1 Qf5 23. Rf3 Bd7 24. Re7 Bc6 25. d4 Rae8 26. Rxg7+ Kxg7 27. Qh6+ Kg8 28. Rxf4 Re1+ 29. Kg2 Qxc2+ 0-1

[Event "HUN-chT2 Barcza 1718"]
[Site "Hungary"]
[Date "2018.01.28"]
[Round "7.8"]
[White "Hunko, Gyorgy"]
[Black "Duzs, Jozsef"]
[Result "1-0"]
[WhiteElo "1910"]
[BlackElo "1972"]
[PlyCount "105"]
[EventDate "2017.09.24"]
[EventType "team-tourn"]
[EventRounds "11"]
[EventCountry "HUN"]
[SourceTitle "EXT 2021"]
[Source "ChessBase"]
[SourceDate "2020.10.23"]
[SourceVersion "1"]
[SourceVersionDate "2020.10.23"]
[SourceQuality "1"]
[WhiteTeam "Mezokovesd"]
[BlackTeam "Edeleny"]
[WhiteTeamCountry "HUN"]
[BlackTeamCountry "HUN"]

1. e4 e6 2. e5 d6 3. exd6 cxd6 4. d4 d5 5. Bd3 Nf6 6. Nf3 b6 7. 0-0 Ba6 8. c3 Bxd3 9. Qxd3 Nbd7 10. Bf4 Nh5 11. Be5 Nxe5 12. Nxe5 Nf6 13. Nd2 Bd6 14. f4 0-0 15. Qh3 Rc8 16. f5 exf5 17. Qxf5 Rc7 18. Rf3 Re8 19. Raf1 Qe7 20. Re3 Nd7 21. Nec4 dxc4 22. Rxe7 Rxe7 23. Qd5 Re6 24. Nxc4 Bf8 25. Nd2 Nf6 26. Qg5 Be7 27. Qf4 Bd6 28. Qh4 Rce7 29. Nf3 h6 30. Re1 Rxe1+ 31. Nxe1 Re2 32. Nd3 Re3 33. Ne5 Bxe5 34. dxe5 Rxe5 35. Qf4 Re2 36. Qb8+ Kh7 37. Qxa7 Rxb2 38. Qxf7 h5 39. h3 Kh6 40. a4 Re2 41. Qb3 Re1+ 42. Kh2 Ra1 43. Qxb6 Rxa4 44. Qb3 Re4 45. c4 Nd7 46. Qd3 Nf6 47. c5 Re6 48. Qd2+ g5 49. h4 Ng4+ 50. Kg1 Re5 51. c6 Rb5 52. Qxg5+ Rxg5 53. hxg5+ 1-0

[Event "HUN-chT2 Barcza 1617"]
[Site "Hungary"]
[Date "2016.11.27"]
[Round "5.5"]
[White "Hunko, Gyorgy"]
[Black "Kovacs, Marton"]
[Result "0-1"]
[WhiteElo "1935"]
[BlackElo "2150"]
[PlyCount "62"]
[EventDate "2016.09.25"]
[EventType "team-tourn"]
[EventRounds "11"]
[EventCountry "HUN"]
[SourceTitle "EXT 2021"]
[Source "ChessBase"]
[SourceDate "2020.10.23"]
[SourceVersion "1"]
[SourceVersionDate "2020.10.23"]
[SourceQuality "1"]
[WhiteTeam "Mezokovesd"]
[BlackTeam "Hajduboszormeny"]
[WhiteTeamCountry "HUN"]
[BlackTeamCountry "HUN"]

1. e4 e5 2. Nf3 Nf6 3. Nc3 Bb4 4. Bc4 0-0 5. d3 d5 6. exd5 Nxd5 7. Bd2 Bxc3 8. bxc3 Bg4 9. h3 Bh5 10. 0-0 Nc6 11. Re1 Qd6 12. Rb1 a6 13. g4 Bg6 14. Bxd5 Qxd5 15. c4 Qd6 16. Rxb7 f5 17. Nh4 Nd4 18. c3 Ne6 19. Nxg6 hxg6 20. d4 exd4 21. Qf3 dxc3 22. Bxc3 Ng5 23. Qe3 f4 24. Qe7 Nf3+ 25. Kh1 Rf7 26. Qxd6 cxd6 27. Ree7 Raf8 28. Kg2 Ng5 29. h4 f3+ 30. Kf1 Ne4 31. Bxg7 Kxg7 0-1

[Event "HUN-chT2 Barcza 1516"]
[Site "Hungary"]
[Date "2016.03.20"]
[Round "9.4"]
[White "Benedek, Zoltan"]
[Black "Hunko, Gyorgy"]
[Result "1/2-1/2"]
[WhiteElo "2176"]
[BlackElo "1940"]
[PlyCount "20"]
[EventDate "2015.09.13"]
[EventType "team-tourn"]
[EventRounds "11"]
[EventCountry "HUN"]
[SourceTitle "EXT 2017"]
[Source "ChessBase"]
[SourceDate "2016.10.25"]
[SourceVersion "1"]
[SourceVersionDate "2016.10.25"]
[SourceQuality "1"]
[WhiteTeam "Edeleny"]
[BlackTeam "Mezokovesd"]
[WhiteTeamCountry "HUN"]
[BlackTeamCountry "HUN"]

1. d4 d5 2. Nf3 Bf5 3. c4 e6 4. Nc3 c6 5. e3 Nd7 6. Be2 dxc4 7. Bxc4 Ngf6 8. 0-0 h6 9. h3 Bd6 10. Qe2 Nb6 1/2-1/2

[Event "HUN-chT2 Barcza 1516"]
[Site "Hungary"]
[Date "2015.10.04"]
[Round "2.8"]
[White "Hunko, Gyorgy"]
[Black "Marko, Arpad"]
[Result "1/2-1/2"]
[WhiteElo "1984"]
[BlackElo "1922"]
[PlyCount "67"]
[EventDate "2015.09.13"]
[EventType "team-tourn"]
[EventRounds "11"]
[EventCountry "HUN"]
[SourceTitle "CBM 170 Extra"]
[Source "ChessBase"]
[SourceDate "2016.02.25"]
[SourceVersion "1"]
[SourceVersionDate "2016.02.25"]
[SourceQuality "1"]
[WhiteTeam "Mezokovesd"]
[BlackTeam "Kazincbarcika"]
[WhiteTeamCountry "HUN"]
[BlackTeamCountry "HUN"]

1. e4 e5 2. Nf3 Nf6 3. Nc3 Nc6 4. Bc4 Bc5 5. 0-0 d6 6. h3 a6 7. d3 Na5 8. Bb3 Nxb3 9. axb3 h6 10. d4 exd4 11. Nxd4 0-0 12. Bf4 Re8 13. Qd3 b5 14. f3 Bb7 15. Kh1 Nh5 16. Bh2 g6 17. Nce2 Ng7 18. Bf4 Kh7 19. Qd2 h5 20. c4 b4 21. Nc2 a5 22. Be3 Ne6 23. Ncd4 Bxd4 24. Bxd4 Nxd4 25. Nxd4 c6 26. Qf4 Kg7 27. Rfd1 Qf6 28. Qxf6+ Kxf6 29. Kg1 Red8 30. Kf2 d5 31. Ke3 c5 32. Ne2 d4+ 33. Kd3 Bc6 34. Nf4 1/2-1/2

[Event "HUN-chT2 Barcza 1415"]
[Site "Hungary"]
[Date "2014.10.12"]
[Round "?"]
[White "Hunko, Gyorgy"]
[Black "Hegedus, Gyorgy"]
[Result "1-0"]
[WhiteElo "1986"]
[BlackElo "2112"]
[PlyCount "43"]
[EventDate "2014.09.07"]
[EventType "team-tourn"]
[EventRounds "11"]
[EventCountry "HUN"]
[SourceTitle "EXT 2016"]
[Source "ChessBase"]
[SourceDate "2015.10.08"]
[SourceVersion "1"]
[SourceVersionDate "2015.10.08"]
[SourceQuality "1"]
[WhiteTeam "Mezokovesd"]
[BlackTeam "Debrecen Sakkiskola"]
[WhiteTeamCountry "HUN"]
[BlackTeamCountry "HUN"]

1. e4 e5 2. Nf3 Nc6 3. Nc3 d6 4. d4 Bg4 5. dxe5 Nxe5 6. Be2 Ng6 7. h3 Bd7 8. 0-0 Nf6 9. Be3 Be7 10. Qd2 Qc8 11. Nh2 0-0 12. f4 Re8 13. Bf3 Nh4 14. Rae1 Nxf3+ 15. Rxf3 Bc6 16. Bd4 Bd8 17. Rfe3 Nd7 18. Nd5 Nb6 19. Rg3 Nxd5 20. exd5 Qd7 21. Rxg7+ Kf8 22. Rxh7 1-0

[Event "HUN-chT2 Barcza 1415"]
[Site "Hungary"]
[Date "2014.09.07"]
[Round "?"]
[White "Hunko, Gyorgy"]
[Black "Sike, Tamas"]
[Result "0-1"]
[WhiteElo "1986"]
[BlackElo "1993"]
[PlyCount "68"]
[EventDate "2014.09.07"]
[EventType "team-tourn"]
[EventRounds "11"]
[EventCountry "HUN"]
[SourceTitle "EXT 2016"]
[Source "ChessBase"]
[SourceDate "2015.10.08"]
[SourceVersion "1"]
[SourceVersionDate "2015.10.08"]
[SourceQuality "1"]
[WhiteTeam "Mezokovesd"]
[BlackTeam "Kazincbarcika"]
[WhiteTeamCountry "HUN"]
[BlackTeamCountry "HUN"]

1. e4 c5 2. Nf3 Nc6 3. d4 cxd4 4. Nxd4 g6 5. Be2 Bg7 6. Be3 Nf6 7. Nc3 d6 8. 0-0 0-0 9. h3 Bd7 10. Qd2 a6 11. f4 b5 12. Bf3 Rc8 13. Rad1 Na5 14. b3 Qc7 15. Nb1 Nb7 16. Qf2 e5 17. Ne2 Qxc2 18. Rd2 Qc7 19. g4 Bc6 20. Ng3 Qe7 21. f5 Nc5 22. Bxc5 dxc5 23. g5 Nxe4 24. Bxe4 Qxg5 25. Bxc6 Rxc6 26. Qg2 Rfc8 27. Kh1 c4 28. fxg6 hxg6 29. bxc4 Rxc4 30. Rd7 Rf4 31. Nd2 Rxf1+ 32. Ndxf1 Rc1 33. Kh2 Qf4 34. Ne3 Qxe3 0-1

[Event "HUN-chT2 Erkel 1314"]
[Site "Hungary"]
[Date "2014.03.23"]
[Round "9.6"]
[White "Sillye, Kalman"]
[Black "Hunko, Gyorgy"]
[Result "1-0"]
[WhiteElo "2081"]
[BlackElo "1999"]
[PlyCount "83"]
[EventDate "2013.09.08"]
[EventType "team-tourn"]
[EventRounds "11"]
[EventCountry "HUN"]
[SourceTitle "EXT 2016"]
[Source "ChessBase"]
[SourceDate "2015.10.08"]
[SourceVersion "1"]
[SourceVersionDate "2015.10.08"]
[SourceQuality "1"]
[WhiteTeam "Szada GSBE"]
[BlackTeam "Mezokovesd"]
[WhiteTeamCountry "HUN"]
[BlackTeamCountry "HUN"]

1. d4 d5 2. Nf3 Bf5 3. Bf4 e6 4. c3 c5 5. e3 Nc6 6. Nbd2 a6 7. a4 c4 8. Be2 h6 9. 0-0 Nf6 10. h3 Be7 11. Ne5 Nxe5 12. Bxe5 b5 13. axb5 axb5 14. Bf3 0-0 15. Bxf6 Bxf6 16. e4 Bg6 17. exd5 exd5 18. Re1 Qd7 19. Nf1 Bg5 20. Ne3 Bxe3 21. Rxe3 f6 22. Rxa8 Rxa8 23. Qe1 Kf8 24. Bg4 Qb7 25. Bf3 Bf7 26. Qb1 g6 27. Qe1 Qd7 28. Bg4 Qd6 29. Qc1 h5 30. Bf3 Re8 31. Rxe8+ Kxe8 32. Qh6 Ke7 33. g3 b4 34. Kg2 bxc3 35. bxc3 Qe6 36. Qd2 Qf5 37. Qc1 Qd3 38. Qa3+ Ke6 39. Qc5 Qf5 40. Qf8 Qg5 41. h4 Qf5 42. Qd8 1-0

[Event "HUN-chT2 Erkel 1314"]
[Site "Hungary"]
[Date "2013.09.22"]
[Round "2.6"]
[White "Molnar, Jozsef"]
[Black "Hunko, Gyorgy"]
[Result "1-0"]
[WhiteElo "2193"]
[BlackElo "1999"]
[PlyCount "61"]
[EventDate "2013.09.08"]
[EventType "team-tourn"]
[EventRounds "11"]
[EventCountry "HUN"]
[SourceTitle "EXT 2016"]
[Source "ChessBase"]
[SourceDate "2015.10.08"]
[SourceVersion "1"]
[SourceVersionDate "2015.10.08"]
[SourceQuality "1"]
[WhiteTeam "Budapest EAC II"]
[BlackTeam "Mezokovesd"]
[WhiteTeamCountry "HUN"]
[BlackTeamCountry "HUN"]

1. e4 c5 2. Nf3 Nc6 3. d4 cxd4 4. Nxd4 e5 5. Nb3 Nf6 6. Bc4 Be7 7. 0-0 0-0 8. Nc3 Bb4 9. f3 Bxc3 10. bxc3 a6 11. a4 Na5 12. Bd5 Re8 13. c4 Qc7 14. Qd3 Nxd5 15. cxd5 Nxb3 16. Qxb3 d6 17. Be3 f5 18. Bb6 Qe7 19. c4 Rf8 20. Qb4 fxe4 21. fxe4 Bg4 22. c5 dxc5 23. Rxf8+ Qxf8 24. Bxc5 Qe8 25. Qxb7 Be2 26. d6 Qc8 27. Qd5+ Kh8 28. Qxe5 Qd7 29. Qd5 Rb8 30. e5 Bg4 31. Qd4 1-0

[Event "HUN-chT2 Erkel 1213"]
[Site "Hungary"]
[Date "2013.04.07"]
[Round "10.7"]
[White "Sillye, Kalman"]
[Black "Hunko, Gyorgy"]
[Result "1/2-1/2"]
[WhiteElo "2114"]
[BlackElo "2013"]
[PlyCount "68"]
[EventDate "2012.09.16"]
[EventType "team-tourn"]
[EventRounds "11"]
[EventCountry "HUN"]
[SourceTitle "EXT 2014"]
[Source "ChessBase"]
[SourceDate "2013.11.20"]
[SourceVersion "1"]
[SourceVersionDate "2013.11.20"]
[SourceQuality "1"]
[WhiteTeam "Foti"]
[BlackTeam "Mezokovesd"]
[WhiteTeamCountry "HUN"]
[BlackTeamCountry "HUN"]

1. d4 d5 2. Nf3 Bf5 3. Bf4 e6 4. e3 Nf6 5. c3 Nbd7 6. Nbd2 Nh5 7. Bg5 Be7 8. Bxe7 Qxe7 9. Be2 0-0 10. Ne5 Nhf6 11. g4 Be4 12. Nxe4 Nxe4 13. Nxd7 Qxd7 14. f3 Nd6 15. 0-0 Rae8 16. f4 c6 17. Bd3 f6 18. Qc2 g6 19. Qg2 e5 20. fxe5 fxe5 21. Rxf8+ Rxf8 22. Qg3 e4 23. Be2 g5 24. Rf1 Qe7 25. Rxf8+ Kxf8 26. Qf2+ Ke8 27. Kg2 b5 28. b4 Kd7 29. Qg3 Kc7 30. Qf2 Kb6 31. Qg3 a5 32. a3 a4 33. Qh3 Qg7 34. Qg3 Kc7 1/2-1/2

[Event "HUN-chT2 Erkel 1213"]
[Site "Hungary"]
[Date "2012.12.02"]
[Round "5.6"]
[White "Pfeifer, Tamas"]
[Black "Hunko, Gyorgy"]
[Result "1-0"]
[WhiteElo "2118"]
[BlackElo "2013"]
[PlyCount "51"]
[EventDate "2012.09.16"]
[EventType "team-tourn"]
[EventRounds "11"]
[EventCountry "HUN"]
[SourceTitle "EXT 2014"]
[Source "ChessBase"]
[SourceDate "2013.11.20"]
[SourceVersion "1"]
[SourceVersionDate "2013.11.20"]
[SourceQuality "1"]
[WhiteTeam "Pestszentlorinc"]
[BlackTeam "Mezokovesd"]
[WhiteTeamCountry "HUN"]
[BlackTeamCountry "HUN"]

1. e4 c5 2. Nf3 Nc6 3. d4 cxd4 4. Nxd4 Nf6 5. Nc3 e5 6. Ndb5 d6 7. Bg5 a6 8. Na3 b5 9. Nd5 Be7 10. Bxf6 gxf6 11. Bd3 Be6 12. c3 f5 13. Qf3 f4 14. Nc2 Bg5 15. a4 Rb8 16. axb5 axb5 17. Qe2 0-0 18. Bxb5 Bxd5 19. exd5 Ne7 20. c4 f5 21. 0-0 Bf6 22. Ra7 e4 23. Nb4 Qb6 24. Ra6 Qd4 25. Nc6 Qxb2 26. Qxb2 1-0

[Event "HUN-chT2 Erkel 1213"]
[Site "Hungary"]
[Date "2012.11.04"]
[Round "3.7"]
[White "Hunko, Gyorgy"]
[Black "Urhegyi, Marton"]
[Result "1/2-1/2"]
[WhiteElo "2013"]
[BlackElo "2020"]
[PlyCount "41"]
[EventDate "2012.09.16"]
[EventType "team-tourn"]
[EventRounds "11"]
[EventCountry "HUN"]
[SourceTitle "EXT 2014"]
[Source "ChessBase"]
[SourceDate "2013.11.20"]
[SourceVersion "1"]
[SourceVersionDate "2013.11.20"]
[SourceQuality "1"]
[WhiteTeam "Mezokovesd"]
[BlackTeam "Matra"]
[WhiteTeamCountry "HUN"]
[BlackTeamCountry "HUN"]

1. e4 c5 2. Nf3 d6 3. d4 cxd4 4. Nxd4 Nf6 5. Nc3 g6 6. Be2 Bg7 7. Be3 0-0 8. Qd2 Nc6 9. Nxc6 bxc6 10. Bh6 Rb8 11. Bxg7 Kxg7 12. b3 Qb6 13. 0-0 Bg4 14. Bxg4 Nxg4 15. Na4 Qb5 16. h3 Nf6 17. Rfe1 Rfd8 18. c4 Qh5 19. Rad1 e6 20. Qe3 Qa5 21. Qc3 1/2-1/2

[Event "HUN-chT2 Barcza 1112 "]
[Site "Hungary"]
[Date "2011.10.30"]
[Round "2"]
[White "Hunko, Gyorgy"]
[Black "Ujhelyi, Andras"]
[Result "0-1"]
[WhiteElo "2020"]
[BlackElo "2036"]
[PlyCount "68"]
[EventDate "2011.09.25"]
[EventType "team-tourn"]
[EventRounds "11"]
[EventCountry "HUN"]
[SourceTitle "EXT 2013"]
[Source "ChessBase"]
[SourceDate "2012.11.22"]
[SourceVersion "1"]
[SourceVersionDate "2012.11.22"]
[SourceQuality "1"]
[WhiteTeam "Mezokovesd"]
[BlackTeam "Tiszavasvar"]
[WhiteTeamCountry "HUN"]
[BlackTeamCountry "HUN"]

1. e4 c5 2. Nf3 d6 3. d4 cxd4 4. Nxd4 Nf6 5. f3 e5 6. Nb3 Be6 7. c4 Be7 8. Be3 Qc7 9. Na3 a6 10. Rc1 Nbd7 11. Be2 0-0 12. 0-0 Rac8 13. Nd2 Qa5 14. g4 Rfd8 15. g5 Nh5 16. Nb3 Qc7 17. Qe1 Nc5 18. Nxc5 dxc5 19. Nb1 Nf4 20. h4 f6 21. gxf6 Bxf6 22. Nc3 Bh3 23. Bxf4 Bxf1 24. Nd5 Rxd5 25. Bxf1 Rd6 26. Be3 Qe7 27. Bf2 b6 28. Kh2 Rcd8 29. Kh3 Rd2 30. Rb1 Rc2 31. Be3 Bxh4 32. Qxh4 Rh2+ 33. Kxh2 Qxh4+ 34. Bh3 Rd3 0-1

[Event "HUN-chT2 Barcza 1011"]
[Site "Hungary"]
[Date "2010.11.07"]
[Round "5.6"]
[White "Bakos, Levente"]
[Black "Hunko, Gyorgy"]
[Result "0-1"]
[WhiteElo "2087"]
[BlackElo "2018"]
[PlyCount "126"]
[EventDate "2010.09.12"]
[EventType "team-tourn"]
[EventRounds "11"]
[EventCountry "HUN"]
[SourceTitle "EXT 2012"]
[Source "ChessBase"]
[SourceDate "2011.11.24"]
[SourceVersion "1"]
[SourceVersionDate "2011.11.24"]
[SourceQuality "1"]
[WhiteTeam "DEAC"]
[BlackTeam "Mezokovesd"]
[WhiteTeamCountry "HUN"]
[BlackTeamCountry "HUN"]

1. e4 c5 2. Nf3 Nc6 3. d4 cxd4 4. Nxd4 e5 5. Nb5 Nf6 6. Bd3 Be7 7. c4 0-0 8. 0-0 d6 9. N1c3 a6 10. Na3 Ne8 11. Nd5 f5 12. exf5 Bxf5 13. Bxf5 Rxf5 14. Qg4 g6 15. Nc2 Nf6 16. Qd1 Nxd5 17. Qxd5+ Kg7 18. b3 Qa5 19. Rd1 Raf8 20. f3 Qxd5 21. Rxd5 Kf7 22. Ne3 Rf4 23. Ba3 Rd4 24. Rd1 Ke6 25. Ng4 Rff4 26. Bb2 Rxd1+ 27. Rxd1 Bd8 28. Kf2 Bb6+ 29. Kg3 h5 30. Nh6 Rf8 31. Bc1 Nd4 32. Kh4 Kf6 33. f4 Kg7 34. f5 Bd8+ 35. Bg5 Bxg5+ 36. Kxg5 Nxf5 37. Nxf5+ Rxf5+ 38. Kh4 Rf4+ 39. Kg3 Rf6 40. Rd5 Kf8 41. c5 dxc5 42. Rxc5 Re6 43. Kf3 Kf7 44. Ke4 Kf6 45. Rc7 Rb6 46. Kd5 Rb5+ 47. Kc4 Kf5 48. Rf7+ Ke4 49. Rf6 g5 50. Rd6 Ra5 51. a4 Ke3 52. Rh6 h4 53. Rb6 e4 54. Rxb7 Kf2 55. Kd4 e3 56. Rf7+ Kxg2 57. Kxe3 Kxh2 58. Rg7 Kg3 59. Ke2 g4 60. Kf1 h3 61. Rc7 Rf5+ 62. Ke1 h2 63. Rh7 Kg2 0-1

[Event "HUN-chT2 Barcza 1011"]
[Site "Hungary"]
[Date "2010.10.24"]
[Round "4.8"]
[White "Hunko, Gyorgy"]
[Black "Nagy, Laszlo Bence"]
[Result "1-0"]
[WhiteElo "2018"]
[BlackElo "1964"]
[PlyCount "73"]
[EventDate "2010.09.12"]
[EventType "team-tourn"]
[EventRounds "11"]
[EventCountry "HUN"]
[SourceTitle "EXT 2012"]
[Source "ChessBase"]
[SourceDate "2011.11.24"]
[SourceVersion "1"]
[SourceVersionDate "2011.11.24"]
[SourceQuality "1"]
[WhiteTeam "Mezokovesd"]
[BlackTeam "Piremon"]
[WhiteTeamCountry "HUN"]
[BlackTeamCountry "HUN"]

1. e4 c5 2. Nf3 d6 3. d4 cxd4 4. Nxd4 Nf6 5. f3 e5 6. Nb3 Nxe4 7. Bb5+ Bd7 8. Bxd7+ Nxd7 9. fxe4 Qh4+ 10. g3 Qxe4+ 11. Kf2 Nf6 12. Re1 Ng4+ 13. Kg1 Qb4 14. Kg2 h5 15. Nc3 Rc8 16. Re4 Qb6 17. Qf3 Be7 18. Be3 Qc6 19. Bg1 0-0 20. h3 f5 21. Re2 e4 22. Qf1 Ne5 23. Nd4 Qc4 24. Nxf5 Bg5 25. Rf2 e3 26. Qxc4+ Nxc4 27. Rff1 Rce8 28. g4 e2 29. Rfe1 hxg4 30. hxg4 g6 31. Nd4 Rf4 32. Rxe2 Rxg4+ 33. Kh3 Rh4+ 34. Kg3 Rf8 35. Ne6 Rff4 36. Nxf4 Rxf4 37. Ne4 1-0

[Event "HUN-chT2 Barcza 0910"]
[Site "Hungary"]
[Date "2010.04.18"]
[Round "10.5"]
[White "Hunko, Gyorgy"]
[Black "Dani, Peter"]
[Result "1-0"]
[WhiteElo "2018"]
[BlackElo "2141"]
[PlyCount "97"]
[EventDate "2009.11.08"]
[EventType "team-tourn"]
[EventRounds "11"]
[EventCountry "HUN"]
[SourceTitle "EXT 2011"]
[Source "ChessBase"]
[SourceDate "2010.11.26"]
[SourceVersion "1"]
[SourceVersionDate "2010.11.26"]
[SourceQuality "1"]
[WhiteTeam "Mezokovesd"]
[BlackTeam "Debrecen Sakkbaratok"]
[WhiteTeamCountry "HUN"]
[BlackTeamCountry "HUN"]

1. e4 c5 2. Nf3 Nc6 3. d4 cxd4 4. Nxd4 Nf6 5. Nc3 d6 6. Be2 g6 7. 0-0 Bg7 8. Be3 0-0 9. f4 Ng4 10. Bxg4 Bxd4 11. Bxd4 Bxg4 12. Qd2 f6 13. Nd5 Bd7 14. c4 Nxd4 15. Qxd4 e6 16. Nc3 Qb6 17. Qxb6 axb6 18. Rad1 Bc6 19. Rxd6 Rfd8 20. Rfd1 Rxd6 21. Rxd6 Kf7 22. Kf2 Ke7 23. Rd3 Be8 24. a3 Rc8 25. b3 Ra8 26. a4 Rc8 27. g4 Rc5 28. h4 h6 29. Re3 Kd6 30. e5+ Ke7 31. exf6+ Kf7 32. g5 hxg5 33. hxg5 Bc6 34. Ne4 Bxe4 35. Rxe4 Rc8 36. Rd4 e5 37. Rd7+ Ke6 38. Re7+ Kf5 39. fxe5 Kxg5 40. f7 Rf8 41. e6 Kf6 42. Re8 Kg7 43. Kg3 g5 44. Kg4 b5 45. Kxg5 bxa4 46. Rxf8 axb3 47. Rg8+ Kh7 48. f8Q b2 49. Qf7# 1-0

[Event "HUN-chT2 Barcza 0910"]
[Site "Hungary"]
[Date "2010.01.31"]
[Round "5.6"]
[White "Nadasi, Lajos"]
[Black "Hunko, Gyorgy"]
[Result "1/2-1/2"]
[WhiteElo "2039"]
[BlackElo "2018"]
[PlyCount "133"]
[EventDate "2009.11.08"]
[EventType "team-tourn"]
[EventRounds "11"]
[EventCountry "HUN"]
[SourceTitle "EXT 2011"]
[Source "ChessBase"]
[SourceDate "2010.11.26"]
[SourceVersion "1"]
[SourceVersionDate "2010.11.26"]
[SourceQuality "1"]
[WhiteTeam "Debrecen Betu"]
[BlackTeam "Mezokovesd"]
[WhiteTeamCountry "HUN"]
[BlackTeamCountry "HUN"]

1. c4 c5 2. Nc3 Nc6 3. g3 d6 4. Bg2 Bd7 5. Nf3 Nf6 6. 0-0 e5 7. d3 Be7 8. Bg5 0-0 9. Nd2 Rb8 10. Bxf6 Bxf6 11. Nb5 Be7 12. Bxc6 bxc6 13. Nc3 Bh3 14. Re1 f5 15. b3 Qe8 16. e3 g5 17. f3 h5 18. Ne2 Bf6 19. Rc1 Rb7 20. Kh1 Qc8 21. Ng1 f4 22. Ne4 fxg3 23. hxg3 Be7 24. Qe2 Bf5 25. Nf2 g4 26. f4 h4 27. e4 hxg3 28. exf5 gxf2 29. Qxg4+ Bg5 30. Re3 Qxf5 31. Rg3 Qxg4 32. Rxg4 Rh7+ 33. Kg2 fxg1Q+ 34. Rxg1 Rxf4 35. Rxg5+ Rg7 36. Rxg7+ Kxg7 37. Re1 Kf6 38. Re3 d5 39. Rh3 Ke6 40. Rh6+ Kd7 41. Rh7+ Kd6 42. Rh6+ Kc7 43. Rh7+ Kb6 44. Rh5 Rd4 45. cxd5 cxd5 46. Rxe5 Rxd3 47. Kf2 Rd2+ 48. Ke3 Rxa2 49. Rxd5 Ra3 50. Rd3 Kb5 51. Kd2 Kb4 52. Kc2 a5 53. Rd8 Ra2+ 54. Kb1 Ka3 55. Rc8 Rb2+ 56. Kc1 Rxb3 57. Rxc5 a4 58. Rc2 Rh3 59. Kb1 Rb3+ 60. Kc1 Kb4 61. Rc8 Rg3 62. Kb1 Ka3 63. Rc2 Kb4 64. Rb2+ Rb3 65. Rxb3+ axb3 66. Kb2 Kc4 67. Kb1 1/2-1/2